Airliners of SAS - Statistics

General Stats
  • This quiz has been taken 51 times
  • The average score is 7 of 11
Answer Stats
Answer % Correct
Airbus A320-200
100%
Airbus A320-200 NEO
100%
Airbus A321-200
94%
Airbus A321-200 NEO
94%
Airbus A319-100
85%
Airbus A350-900
65%
Airbus A330-300
56%
Bombardier CRJ-900
41%
ATR 72-600
32%
Embraer E195LR
29%
Boeing 737-700
26%
No matching quizzes found
Score Distribution
Percent of People with Each Score
Percentile by Number Answered
Your Score History
You have not taken this quiz